| 000 | 00595nam a2200193Ia 4500 | ||
|---|---|---|---|
| 003 | GCL | ||
| 008 | 140319s9999 xx 000 0 ara d | ||
| 040 |
_aGCL / _cGCL |
||
| 082 | 0 | 4 |
_a818.03 _bف ع |
| 100 | 1 | _aفؤاد دواره | |
| 245 | 1 | 0 |
_aعشرة ادباء يتحدثون / _cفؤاد دواره |
| 300 | _a396 ص | ||
| 490 |
_aالهيئة العامة للاستعلامات _v0 |
||
| 650 | 0 | 4 | _aالادباء العرب |
| 650 | 0 | 4 | _aالمناقشات |
| 650 | 0 | 4 | _aالادب العربى - تاريخ ونقد |
| 650 | 0 | 4 | _aالمذكرات الادبية |
| 942 |
_2ddc _cBK |
||
| 999 |
_c49976 _d49976 |
||